LEADER 01534nam a2200349 i 4500 001 991003451299707536 008 080311s2007 flua b 001 0 eng d 020 $a1584886633 024 3 $a9781584886631 035 $ab13693189-39ule_inst 040 $aDip.to Matematica$beng 082 0 $a518.64$222 084 $aAMS 35Q 084 $aLC QA377.G2217 100 1 $aGalaktionov, Victor A.$0151622 245 10$aExact solutions and invariant subspaces of nonlinear partial differential equations in mechanics and physics /$cVictor A. Galaktionov, Sergey R. Svirshchevskii 260 $aBoca Raton, FL :$bChapman & Hall/CRC,$cc2007 300 $axxx, 498 p. :$bill. ;$c25 cm 440 0$aChapman & Hall/CRC applied mathematics and nonlinear science series 504 $aIncludes bibliographical references (p. [467]-492) and index 650 0$aDifferential equations, Partial$xNumerical solutions 650 0$aNonlinear theories$xMethodology 650 0$aInvariant subspaces$xMethodology 650 0$aExact (Philosophy)$xMathematics 650 0$aMathematical physics 700 1 $aSvirshchevskii, Sergey R. 907 $a.b13693189$b28-01-14$c11-03-08 912 $a991003451299707536 945 $aLE013 35Q GAL21 (2007)$g1$i2013000207360$lle013$op$pE66.73$q-$rl$s- $t0$u2$v2$w2$x0$y.i14695741$z17-03-08 996 $aExact solutions and invariant subspaces of nonlinear partial differential equations in mechanics and physics$91229841 997 $aUNISALENTO 998 $ale013$b11-03-08$cm$da $e-$feng$gflu$h0$i0 LEADER 02649nam0 22005653i 450 001 CFI0183862 005 20251003044131.0 010 $a8806118390 100 $a19920510d1990 ||||0itac50 ba 101 | $aita 102 $ait 181 1$6z01$ai $bxxxe 182 1$6z01$an 183 1$6z01$anc$2RDAcarrier 200 1 $aTre continenti$eeconomia politica e sviluppo della democrazia in Europa, Stati Uniti e America Latina$fAlbert O. Hirschman$ga cura di Luca Meldolesi 210 $aTorino$cG. Einaudi$dc1990 215 $aXXXI, 186 p.$d22 cm 225 | $aNuova biblioteca scientifica Einaudi$v83 300 $aTrad. di vari 300 $aSaggi gią variamente pubbl. 410 0$1001CFI0011662$12001 $aNuova biblioteca scientifica Einaudi$v83 606 $aEconomia$2FIR$3CFIC000524$9E 676 $a320.9$9SITUAZIONI E CONDIZIONI POLITICHE$v19 676 $a330$9SCIENZE ECONOMICHE$v12 676 $a330$9ECONOMIA$v21 676 $a330.9$9SITUAZIONI E CONDIZIONI ECONOMICHE$v19 676 $a330.9$9$v21 676 $a330.904$9$v21 676 $a338.9$9Produzione. Sviluppo e crescita economica$v14 676 $a338.9$9SVILUPPO ECONOMICO$v20 696 $aEconomia reale$aAttivitą economiche$aAspetti economici 699 $aEconomia$yEconomia reale 699 $aEconomia$zAttivitą economiche 699 $aEconomia$zAspetti economici 700 1$aHirschman$b, Albert O.$3CFIV000271$4070$0111032 702 1$aMeldolesi$b, Luca$3CFIV011876 790 1$aHirschmann$b, Otto A.$3LO1V308438$zHirschman, Albert O. 790 1$aHirschman$b, Albert$3MILV170234$zHirschman, Albert O. 790 1$aHirschman$b, Albert Otto$3UTOV566727$zHirschman, Albert O. 790 1$aHirschmann$b, Albert Otto$3UTOV566728$zHirschman, Albert O. 801 3$aIT$bIT-000000$c19920510 850 $aIT-BN0095 $aIT-SA0252 $aIT-NA0070 $aIT-NA0452 901 $bNAP 83$cIAN $n$ 901 $bNAP IS$cISFSE $nSezione di materie economiche e sociali dell' ex Istituto sulle strutture finanziarie e lo sviluppo economico 901 $bNAP 01$cPOZZO LIB.$nVi sono collocati fondi di economia, periodici di ingegneria e scienze, periodici di economia e statistica e altri fondi comprendenti documenti di economia pervenuti in dono. 912 $aCFI0183862 950 0$aBiblioteca Centralizzata di Ateneo$c1 v.$d 01POZZO LIB.ECON MON 9567$e 0101 0000116905E VMA 1 v. (precedente collocazione: GUERRAZZI B 1965)$fB $h20091230$i20091230 977 $a 01$a 83$a BU$a IS 996 $aTre continenti$962919 997 $aUNISANNIO